Surveys in modern economics

Bibliographic Details
Main Authors: Chin, Anthony (Author), Quah, Euston (Author)
Format: Book
Published: Singapore : McGraw-Hill , 1990.
Subjects:

MARC

LEADER 00000cam a2200000 7i4500
001 0000007895
005 20160517093000.0
020 |a 0071006141 
050 0 0 |a HB171   |b .S97 
090 0 0 |a HB171   |b .S97 
245 0 0 |a Surveys in modern economics   |c editors, Euston Quah, Anthony Chin 
260 2 |a Singapore :   |b McGraw-Hill ,   |c 1990. 
300 |a xvi, 508 p. ; ;   |c 22 cm. 
650 0 |a Economics 
700 0 |a Chin, Anthony ,   |e author 
700 0 |a Quah, Euston ,   |e author 
999 |a 1000004205   |b Book   |c OPEN SHELF (30 DAYS)   |e Gong Badak Campus